000 00786pam a2200217 i 4500
001 4171038
005 19800922000000.0
008 791219s1980 caua b 000 0 eng
010 _a95003003
040 _aDLC
_cDLC
_dDLC
050 0 0 _aHF5501
_b.S38 1995
100 1 _aSchwimmer, Lawrence D.
245 1 0 _aThe art of resolving conflicts in the workplace:
_ba study guide /
_cLawrence D. Schwimmer.
250 _a1st ed.
260 _aMill Valley :USA
_bKantola Productions,
_cc1995.
300 _a37 p. :
_c21.5 cm.
650 0 _aConflicts
_xworkplace
906 _a7
_bcbc
_corignew
_d1
_eocip
_f19
_gy-gencatlg
942 _2lcc
_cBK
999 _c34732
_d34732